|
|
|
|
| LEADER |
00955nam a2200277 4500 |
| 001 |
1469 |
| 003 |
BD-DhAAL |
| 005 |
20130829113344.0 |
| 008 |
130829s1971 nyub b 001 0 eng d |
| 010 |
|
|
|a 75158441
|
| 020 |
|
|
|a 046506826X
|
| 040 |
|
|
|a DLC
|c DLC
|d DLC
|d BD-DhAAL
|
| 050 |
0 |
0 |
|a HM19
|b .C63
|
| 082 |
0 |
0 |
|a 301.6
|
| 100 |
1 |
|
|a Colfax, J. David,
|d 1936-
|e comp.
|9 2830
|
| 245 |
1 |
0 |
|a Radical sociology /
|c Edited by J. David Colfax & Jack L. Roach.
|
| 260 |
|
|
|a New York :
|b Basic Books,
|c c1971.
|
| 300 |
|
|
|a xii, 492 p. :
|b map. ;
|c 24 cm.
|
| 504 |
|
|
|a Includes bibliographical references.
|
| 541 |
|
|
|e 1469
|
| 650 |
|
0 |
|a Sociology
|x History.
|9 2831
|
| 650 |
|
0 |
|a Sociology
|x Methodology.
|9 2832
|
| 700 |
1 |
|
|a Roach, Jack L.,
|d 1925-
|e joint comp.
|9 2833
|
| 942 |
|
|
|2 ddc
|c BK
|
| 999 |
|
|
|c 13901
|d 13901
|
| 952 |
|
|
|0 0
|1 0
|2 ddc
|4 0
|6 301_600000000000000_COL
|7 0
|9 23270
|a BRACUL
|b BRACUL
|c GEN
|d 2013-08-29
|g 764.00
|l 0
|o 301.6 COL
|p 3010001469
|r 2013-08-29
|t 1
|w 2013-08-29
|y BK
|